| 000 | 00480nam a22001817a 4500 | ||
|---|---|---|---|
| 005 | 20251108164211.0 | ||
| 008 | 250721s1988 xx 000 0 ara d | ||
| 082 | 1 | 4 | _a071.069/عبا |
| 100 | 1 | _aالعقاد، عباس محمود | |
| 245 | 1 | 0 | _aرجال عرفتهم / |
| 264 | 1 |
_aبيروت : _bالمكتبة العصرية، _c1988. |
|
| 300 | _a277ص | ||
| 650 | 1 | 7 | _aالأعلام |
| 650 | 1 | 7 | _aالصحافة |
| 650 | 1 | 7 | _aمصر |
| 942 |
_2ddc _cBK |
||
| 999 |
_c6192 _d6192 |
||